Сны разума: [фантастический роман]

Detalles Bibliográficos
Autor Principal: Таругин О. Олег
Summary:Обычная погранзастава время от времени становится местом загадочных трагедий. Там случаются то массовые самоубийства, то кровавые убийства, то жестокие побоища. Там офицеров и солдат время от времени охватывают приступы буйного помешательства. А те немногие, кому посчастливилось выжить в этих ужасных инцидентах, даже не могут толком ничего вспомнить... Что же происходит? Диверсия с применением оружия психологического воздействия? Массовые химические отравления? Все эти версии кажутся вполне правдоподобными. Но почему тогда полковник секретных служб привлекает к расследованию писателя-фантаста, которого не без оснований считает сильным эмпатом и телепатом?
Idioma:ruso
Publicado: Москва, АСТ, 2009
Series:Звездный лабиринт
Subjects:
Formato: MixedMaterials Libro
KOHA link:https://koha.lib.tpu.ru/cgi-bin/koha/opac-detail.pl?biblionumber=155912

MARC

LEADER 00000nam0a2200000 4500
001 155912
005 20231031152834.0
010 |a 9785170522019 
010 |a 978-5-403-00123-6 
035 |a (RuTPU)RU\TPU\book\169100 
090 |a 155912 
100 |a 20090320d2009 m y0rusy50 ca 
101 0 |a rus 
102 |a RU 
105 |a y z 000ay 
200 1 |a Сны разума  |e [фантастический роман]  |f О. Таругин 
210 |a Москва  |c АСТ  |d 2009 
215 |a 318 с. 
225 1 |a Звездный лабиринт 
330 |a Обычная погранзастава время от времени становится местом загадочных трагедий. Там случаются то массовые самоубийства, то кровавые убийства, то жестокие побоища. Там офицеров и солдат время от времени охватывают приступы буйного помешательства. А те немногие, кому посчастливилось выжить в этих ужасных инцидентах, даже не могут толком ничего вспомнить... Что же происходит? Диверсия с применением оружия психологического воздействия? Массовые химические отравления? Все эти версии кажутся вполне правдоподобными. Но почему тогда полковник секретных служб привлекает к расследованию писателя-фантаста, которого не без оснований считает сильным эмпатом и телепатом? 
610 1 |a русская литература 
610 1 |a романы 
610 1 |a боевики 
610 1 |a фантастика 
675 |a Р2  |v 3 
700 1 |a Таругин  |b О.  |g Олег 
801 1 |a RU  |b 63413507  |c 20090320  |g PSBO 
801 2 |a RU  |b 63413507  |c 20090330  |g PSBO 
942 |c BK